000
00298nam a2200109Ia 4500
008
200302s9999 xx 000 0 und d
100
_a
La Biennale di Vennezia
245
_a
Cities Architecture and Society Vol 2
260
_b
Rizzoli International Publications, Inc.
260
_c
2010
300
_a
195
999
_c
5824
_d
5824